Włoskie słówka #1 - Statystyki

Ogólne statystyki
  • Ten quiz został rozwiązany 29 razy
  • Średni wynik to 10 z 12
Statystyki odpowiedzi
Zagadnienie Odpowiedź % Poprawnych
Woda Acqua
100%
Ogień Fuoco
100%
Książka Libro
95%
Pałac Palazzo
95%
Piłka Palla
95%
Wiatr Vento
95%
Papieros Sigaretta
90%
Basen Piscina
75%
Rzeka Fiume
70%
Ryba Pesce
70%
Słuchawki Cuffie
60%
Długopis Penna
50%
Nie znaleziono quizów pasujących do podanych kryteriów
Rozkład punktacji
Procent ludzi z każdym wynikiem
Percentyl według liczby udzielonych odpowiedzi
Twoja historia wyników
Nie rozwiązałeś tego quizu